Deserts by Continent - Click Quiz - Statistics

General Stats
  • This quiz has been taken 89 times
  • The average score is 14 of 20
Answer Stats
Hint Answer % Correct
Sahara 1. Africa
100%
Arabian 3. Asia
97%
Patagonian 7. South America
92%
Namib 1. Africa
89%
Gobi 3. Asia
84%
Chihuahuan 5. North America
82%
Kalahari 1. Africa
79%
Atacama 7. South America
77%
Błędów 4. Europe
75%
South Polar 2. Antarctica
74%
Mojave 5. North America
74%
Karakum 3. Asia
72%
Great Sandy 6. Oceania
69%
Great Victoria 6. Oceania
66%
Great Basin 5. North America
62%
Gibson 6. Oceania
57%
La Guajira 7. South America
54%
Tabernas 4. Europe
36%
Ogaden 1. Africa
33%
Accona 4. Europe
20%
No matching quizzes found
Score Distribution
Percent of People with Each Score
Percentile by Number Answered
Your Score History
You have not taken this quiz